000 00995nam0a22003011 4500
001 v19\rc\2027177
005 20260406164917.0
035 _a(NLR Aleph) 005119768
090 _a7581701
_c7581701
100 _a20080925d1916 u y0rusy50 ca
101 0 _arus
102 _aRU
105 _ay z |||||
200 1 _aНа молитве в тишине и в буре
_e(Из обл. жизни и веры)
_fЕ. Поселянин
210 _aПетроград
_cЛ.И. Тузов
_d1916
215 _a576 с.
_d23
532 1 3 _aНа молитве в тишине и в буре
700 1 _8rus
_7ca
_aПогожев
_bЕ. Н.
_f1870-1931
_gЕвгений Николаевич
_3RU\NLR\auth\7711338
_9121088
790 1 _aПоселянин
_bЕ.
_f1870-1931
801 0 _aRU
_bNLR
_gpsbo
801 0 _aRU
_bRuMoRGB
_2psbo
801 1 _aRU
_bProSoft-M
_2rusmarc
852 _aNLR
_j37.38.4.78
899 _aRuMoRGB
_jV 99/163
899 _aБАН
942 _cBOOK
980 _aNB